000 01386nam0a2200325 4500
001 RU\NLR\bibl\1762911
005 20250616124749.0
010 _a978-5-8459-1659-4
_91500
021 _aRU
_b2011-26633
_91894
035 _a(NLR Aleph) 001753715
090 _a1534873
_c1534873
100 _a20110425d2010 |||y0rusy50 ca
101 0 _arus
102 _aRU
105 _aa |||||||||
200 1 _aJoomla 1.5.15/1.6.0
_eруководство пользователя
_e[оптимальные решения для начинающих и пользователей средней квалификации]
_fД.Н. Колисниченко
210 _aМосква [и др.]
_cДиалектика
_d2010
215 _a240 c.
_cил.
_d24
_e1 электрон. опт. диск (CD-ROM)
225 1 _aЛаконично, доступно, эффективно!
320 _aПредм. указ.: с. 239-240
606 1 _aJOOMLA 1.6, система управления сайтом
_92617952
_3RU\NLR\AUTH\661554512
606 1 _aJOOMLA 1.5, система управления сайтом
_92604434
_3RU\NLR\AUTH\661540992
686 _aЗ988.02
700 1 _aКолисниченко
_bД. Н.
_gДенис Николаевич
_4070
801 0 _aRU
_bNLR
_c20110425
_gRCR
801 1 _aRU
_bNLR
_c20110425
942 _cBOOK
980 _aNB